Online
Catalog

Extravíos : (Record no. 5527)

MARC details
000 -CABECERA
campo de control de longitud fija 01158cam a2200301 a 4500
001 - NÚMERO DE CONTROL
campo de control 000005731
003 - IDENTIFICADOR DEL NÚMERO DE CONTROL
campo de control DO-SdBNP
005 - FECHA Y HORA DE LA ÚLTIMA TRANSACCIÓN
campo de control 20251204073702.0
008 - DATOS DE LONGITUD FIJA--INFORMACIÓN GENERAL
campo de control de longitud fija 970514s1996 ck a b 001 0dspa
020 ## - NÚMERO INTERNACIONAL ESTÁNDAR DEL LIBRO
Número Internacional Estándar del Libro 9586122557
040 ## - FUENTE DE LA CATALOGACIÓN
Centro catalogador/agencia de origen DO-SdBNP
Lengua de catalogación spa
Centro/agencia transcriptor DLC
Centro/agencia modificador BNPHU
082 ## - NÚMERO DE LA CLASIFICACIÓN DECIMAL DEWEY
Número de clasificación 986.103
Número de documento/Ítem M385e
100 1# - ENTRADA PRINCIPAL--NOMBRE DE PERSONA
Nombre de persona Martínez Cedeño, Aída
9 (RLIN) 16208
245 10 - MENCIÓN DE TÍTULO
Título Extravíos :
Resto del título el mundo de los criollos ilustrados /
Mención de responsabilidad, etc. Aída Martínez Carreño.
260 ## - PUBLICACIÓN, DISTRIBUCIÓN, ETC.
Lugar de publicación, distribución, etc. Santafé, Bogotá, (Colombia) :
Nombre del editor, distribuidor, etc. Colcultura,
Fecha de publicación, distribución, etc. 1996.
300 ## - DESCRIPCIÓN FÍSICA
Extensión xiv, 138 p. :
Otras características físicas il. ;
Dimensiones 21 cm.
504 ## - NOTA DE BIBLIOGRAFÍA, ETC.
Nota de bibliografía, etc. Incluye referencias bibliográficas.
586 ## - NOTA DE PREMIOS
Nota de premios Premios nacionales de cultura, 1995.
600 14 - PUNTO DE ACCESO ADICIONAL DE MATERIA--NOMBRE DE PERSONA
Nombre de persona Mutis Consuegra, Micaela,
Fechas asociadas al nombre 1783-1841.
9 (RLIN) 16209
600 14 - PUNTO DE ACCESO ADICIONAL DE MATERIA--NOMBRE DE PERSONA
Nombre de persona Valenzuela Mantilla, Miguel,
9 (RLIN) 16213
600 14 - PUNTO DE ACCESO ADICIONAL DE MATERIA--NOMBRE DE PERSONA
Nombre de persona González Bautista, Juan
9 (RLIN) 16214
650 #4 - PUNTO DE ACCESO ADICIONAL DE MATERIA--TÉRMINO DE MATERIA
Término de materia o nombre geográfico como elemento de entrada Mujeres en la historia
Subdivisión geográfica Colombia
9 (RLIN) 16212
650 #0 - PUNTO DE ACCESO ADICIONAL DE MATERIA--TÉRMINO DE MATERIA
Término de materia o nombre geográfico como elemento de entrada Administración de justicia
Subdivisión geográfica Colombia
Subdivisión general Historia
Subdivisión cronológica Siglo XIX
9 (RLIN) 10083
651 #4 - PUNTO DE ACCESO ADICIONAL DE MATERIA--NOMBRE GEOGRÁFICO
Nombre geográfico Girón (Colombia)
Subdivisión general Vida social y costumbres
9 (RLIN) 16210
651 #4 - PUNTO DE ACCESO ADICIONAL DE MATERIA--NOMBRE GEOGRÁFICO
Nombre geográfico Colombia
Subdivisión general Historia
Subdivisión cronológica Guerra independencia, 1810-1822.
9 (RLIN) 16211
910 ## - DATOS DE OPCIÓN DEL USUARIO (OCLC)
Datos de opción del usuario Catalogación por copia / LC
942 ## - ELEMENTOS DE PUNTO DE ACCESO ADICIONAL (KOHA)
Fuente del sistema de clasificación o colocación Dewey Decimal Classification
Tipo de ítem Koha Libro
Holdings
Estado de retiro Estado de pérdida Restricciones de uso No para préstamo Código de colección Localización permanente Ubicación/localización actual Ubicación en estantería Fecha de adquisición Número de inventario Total de préstamos Signatura topográfica completa Código de barras Fecha visto por última vez Precio válido a partir de Tipo de ítem Koha
        Monografías: Libros y Folletos General General En catalogación 21.08.2009 LF1   986.103 M385e 5731-10 25.06.2020 25.06.2020 Préstamo en sala

Powered by Koha